Nations in the 1952 Summer Olympics - Statistics

General Stats
  • This quiz has been taken 37 times
  • The average score is 60 of 69
Answer Stats
Hint Answer % Correct
America Argentina
100%
Oceania Australia
100%
America Brazil
100%
America Canada
100%
America Cuba
100%
Europe France
100%
Europe Germany
100%
Europe Great Britain
100%
Asia Japan
100%
America Mexico
100%
Europe Netherlands
100%
Oceania New Zealand
100%
Europe Switzerland
100%
America United States
100%
America Venezuela
100%
Europe Austria
96%
Europe Belgium
96%
Europe Bulgaria
96%
Asia China
96%
Europe Hungary
96%
Asia India
96%
Asia Indonesia
96%
Europe Ireland
96%
Europe Italy
96%
America Jamaica
96%
Europe Portugal
96%
Africa South Africa
96%
Europe Spain
96%
Europe Denmark
92%
Africa Egypt
92%
Europe Finland
92%
Europe Greece
92%
Asia Iran
92%
Europe Luxembourg
92%
Europe Norway
92%
Asia Pakistan
92%
America Panama
92%
Europe Poland
92%
Europe Romania
92%
Europe Sweden
92%
Asia Thailand
92%
America Uruguay
92%
Asia Vietnam
92%
Europe Yugoslavia
92%
America Chile
88%
Europe Czechoslovakia
88%
Europe Iceland
88%
Europe Monaco
88%
Europe Soviet Union
88%
America Bahamas
85%
Asia Burma
85%
Asia Israel
85%
Europe Liechtenstein
85%
Asia Turkey
85%
Asia Philippines
81%
Asia South Korea
81%
America Trinidad and Tobago
81%
America Guatemala
77%
Asia Ceylon
73%
Africa Nigeria
73%
Asia Singapore
69%
America Guyana
65%
Asia Lebanon
65%
America Bermuda
62%
America Puerto Rico
54%
Africa Ghana
50%
Asia Hong Kong
35%
Europe Saar
27%
America Netherlands Antilles
23%
No matching quizzes found
Score Distribution
Percent of People with Each Score
Percentile by Number Answered
Your Score History
You have not taken this quiz